000 01229nam1a2200337 i 4500
001 RU\NLR\bibl\42639
005 20241213041357.0
010 _a5-03-002848-Х
035 _a(NLR Aleph) 000041565
090 _a217645
_c217645
100 _a19990810g19989999u y0rusy50 ca
101 1 _arus
_ceng
102 _aRU
105 _aa |||||||||
200 1 _aГены и геномы
_eВ 2 т.
_fМ. Сингер, П. Берг
_gПер. с англ. д.б.н. Т.С. Ильиной, д.б.н. Ю.М. Романовой
_gПод ред. д.б.н. Н.К. Янковского
210 _aМ.
_cМир
_d1998
215 _d26
300 _aЗагл. и авт. ориг.: Genes & genomes/ Maxine Singer, Paul Berg
454 0 _12001#$aGenes & genomes
_tGenes & genomes
463 0 _100141414
463 0 _100146920
606 0 _aГены
_91368486
_3RU\NLR\auth\66259150
606 0 _aГеномы
_92100554
_3RU\NLR\auth\661270435
686 _aЕ041.12
700 1 _aСингер
_bМ.
_gМаксин
_4070
701 1 _aБерг
_bП.
_gПол
_4070
801 0 _aRU
_bNLR
_c19990810
_gPSBO
801 1 _aRU
_bNLR
_c19990810
852 _aNLR
_j99-7/1183
942 _cBOOK